Il servitore

Kaydedildi:
Detaylı Bibliyografya
Yazar: Vander Laenen Jan
Materyal Türü: Kitap
Dil:Bilinmeyen Dil
Baskı/Yayın Bilgisi: Forli' Zoe 2004
Etiketler: Etiketle
Etiket eklenmemiş, İlk siz ekleyin!

MARC

LEADER 00000nam a2200000Ia 4500
001 355
003 NUMERAZIONE-ORIGINALE-BRESCIA
005 20260206230752.0
008 260206s9999 xx 000 0 und d
100 |a Vander Laenen Jan 
245 0 |a Il servitore 
260 |a Forli' 
260 |b Zoe 
260 |c 2004 
942 |2 ddc  |c BK  |n 0 
952 |0 0  |1 0  |2 ddc  |4 0  |6 11  |7 0  |9 28552  |a BS  |b BS  |d 2026-02-06  |i 355  |l 0  |o 1-1-*  |r 2026-02-06 22:40:37  |w 2026-02-06  |x [REVISIONARE]  |y BK 
999 |c 24218  |d 24218